| 000 -LEADER | |
|---|---|
| fixed length control field | 00437nam a22001697a 4500 |
| 005 - DATE AND TIME OF LATEST TRANSACTION | |
| control field | 20180810120508.0 |
| 008 - FIXED-LENGTH DATA ELEMENTS--GENERAL INFORMATION | |
| fixed length control field | 160514b xxu||||| |||| 00| 0 eng d |
| 020 ## - INTERNATIONAL STANDARD BOOK NUMBER | |
| ISBN | 0333-093002-9 |
| 041 ## - LANGUAGE CODE | |
| Language code of text/sound track or separate title | eng |
| 082 ## - DEWEY DECIMAL CLASSIFICATION NUMBER | |
| Item number | 2162 |
| Classification number | 658.3 |
| 100 ## - MAIN ENTRY--AUTHOR NAME | |
| Personal name | BEARDWELL, IAN AND HOLDEN, LEN |
| 245 ## - TITLE STATEMENT | |
| Title | Human Resource Management |
| 260 ## - PUBLICATION, DISTRIBUTION, ETC. (IMPRINT) | |
| Place of publication | New Delhi |
| Name of publisher | Mc Graw Hill Companies, |
| Year of publication | 1998 |
| 300 ## - PHYSICAL DESCRIPTION | |
| Number of Pages | 687p, |
| 650 ## - SUBJECT ADDED ENTRY--TOPICAL TERM | |
| Topical Term | Management |
| 942 ## - ADDED ENTRY ELEMENTS (KOHA) | |
| Koha item type | Books |
| Lost status | Damaged status | Collection code | Home library | Shelving location | Date acquired | Cost, normal purchase price | Full call number | Accession Number | Koha item type |
|---|---|---|---|---|---|---|---|---|---|
| MANAGEMENT | JRU Library | SHELF-62 -F | 14/05/2016 | 314.00 | 658.3 | 2162 | Books |